La mujer Dominicana en la relación de pareja : (Registro nro. 8125)

Detalles MARC
000 -LIDER
fixed length control field 02349nam a2200385 a 4500
001 - NÚMERO DE CONTROL
Identificador de número de control 000000793
003 - IDENTIFICACDOR DE NÚMERO DE CONTROL
control field DO-SdBNP
005 - DATE AND TIME OF LATEST TRANSACTION
control field 20171101093000.0
007 - CAMPOS FIJOS DE DESCRIPCIÓN FÍSICA
fixed length control field 000000793
008 - ELEMENTOS DE LONGITUD FIJA
fixed length control field 090509s2003 dr 000 0 spa d
020 ## - ISBN
Canceled/invalid ISBN 9993425451
040 ## - FUENTE DE CATALOGACIÓN
Agencia que crea de manera original el registro BPMSU
Idioma de catalogación spa
Agencia que realiza la transcripción BPMSU
082 #4 - NÚMERO DE CLASIFICACIÓN DECIMAL DE DEWEY
Classification number 362.8292
Item number P762m
100 1# - ASIENTO PRINCIPAL -- NOMBRE PERSONAL
Nombre personal Pola Zapico, María Jesús
245 13 - MENCIÓN DE TITULO
Título La mujer Dominicana en la relación de pareja :
Subtítulo respuesta de la justicia a la violencia de género /
Mención de responsabilidad María Jesús Pola Zapico ; prólogo Lourdes Contreras.
260 ## - PUBLICACIÓN, DISTRIBUCIÓN, ETC. (PIE DE IMPRENTA)
Lugar de publicación, distribución, etc Santo Domingo :
Nombre del editor, distribuidor, etc. INTEC,
Fecha de publicación, distribución, etc 2003.
300 ## - DESCRIPCIÓN FÍSICA
Extensión xi, 155 p. ;
Dimensiones 23 cm.
504 ## - NOTA DE BIBLIOGRAFÍA, ETC.
Bibliography, etc Incluye referencias bibliográficas y notas al pie de las páginas
505 0# - NOTA DE CONTENIDO
Título Prólogo --
-- Introducción --
-- La mujer como sujeto de violencia en la familia --
-- La familia y sus trampas --
-- Tradiciones y mitos --
-- Espacio privado --
-- El ciclo de la violencia --
-- El síndrome de estocolmo --
-- El síndrome de la mujer maltratada --
-- El feminicidio y el suicidio del feminicida --
-- Legislación y la mujer en situación de violencia de pareja --
-- El género en el derecho --
-- Marco de derecho internacional --
-- Violaciones al derecho a la integridad personal --
-- Violaciones al derecho a la libertad --
-- Violaciones al derecho a la igualdad --
-- Respuesta del sistema de derecho a la reforma legal en la República Dominicana --
-- Ley 24-97, sobre violencia intrafamiliar --
-- La normativa --
-- La estructura --
-- Lo político cultural: conocimientos, prácticas y actitudes del sistema operativo de la justicia --
-- Entrevista en el distrito judicial de Santiago, en el sistema penal --
-- Conclusión --
-- Bibliografía general --
-- Anexos
650 #4 - ENCABEZAMIENTO DE MATERIA--TEMÁTICO
Término temático o nombre geográfico como elemento de entrada VIOLENCIA CONYUGAL
Subdivisión temática general LEGISLACIÓN
Subdivisión geográfica REPÚBLICA DOMINICANA
650 #4 - ENCABEZAMIENTO DE MATERIA--TEMÁTICO
Término temático o nombre geográfico como elemento de entrada VIOLENCIA CONYUGAL
Subdivisión geográfica REPÚBLICA DOMINICANA
650 #4 - ENCABEZAMIENTO DE MATERIA--TEMÁTICO
Término temático o nombre geográfico como elemento de entrada DERECHOS DE LA MUJER
Subdivisión geográfica REPÚBLICA DOMINICANA
650 #4 - ENCABEZAMIENTO DE MATERIA--TEMÁTICO
Término temático o nombre geográfico como elemento de entrada VIOLENCIA FAMILIAR
Subdivisión geográfica REPÚBLICA DOMINICANA
700 1# - ASIENTO SECUNDARIO -- NOMBRE PERSONAL
Nombre personal Contreras, Lourdes
Mención de responsabilidad pról.
710 2# - ASIENTO SECUNDARIO -- NOMBRE CORPORATIVO
Nombre corporativo o de jurisdicción Instituto Tecnológico de Santo Domingo INTEC (República Dominicana)
910 ## - VALIDACIÓN
Validación Validado. Control de calidad BNPHU
930 #1 - EQUIVALENCE OR CROSS-REFERENCE-UNIFORM TITLE HEADING [LOCAL, CANADA]
Language of a work
Medium of performance for music
Medium
Field link and sequence number
Date of a work
Name of part/section of a work
930 #1 - EQUIVALENCE OR CROSS-REFERENCE-UNIFORM TITLE HEADING [LOCAL, CANADA]
Language of a work
Medium of performance for music
Medium
Field link and sequence number
Date of a work
Name of part/section of a work
Medium
942 ## - ADDED ENTRY ELEMENTS (KOHA)
Source of classification or shelving scheme Dewey Decimal Classification
Koha item type Libros
945 ## - INFORMACIÓN DE PROCESAMIENTO LOCAL
Información de procesamiento local Inventariado / 2017 VM
956 ## - LOCAL ELECTRONIC LOCATION AND ACCESS (OCLC)
Nombre de host
Número de acceso
Información de compresión
Inicio de sesión
Procesador de solicitud
956 ## - LOCAL ELECTRONIC LOCATION AND ACCESS (OCLC)
Nombre de host
Número de acceso
Información de compresión
Inicio de sesión
Procesador de solicitud
956 ## - LOCAL ELECTRONIC LOCATION AND ACCESS (OCLC)
Nombre de host
Número de acceso
Información de compresión
Inicio de sesión
Procesador de solicitud
956 ## - LOCAL ELECTRONIC LOCATION AND ACCESS (OCLC)
Nombre de host VMATEO
Número de acceso 10
Información de compresión 20150807
Inicio de sesión BPMSU
Procesador de solicitud 00151
Existencias
Withdrawn status Lost status Source of classification or shelving scheme Damaged status Not for loan Collection code Home library Current library Date acquired Source of acquisition Total Checkouts Full call number Barcode Date last seen Price effective from Koha item type Copy number Public note
    Dewey Decimal Classification     Colección Dominicana Biblioteca Pública Metropolitana Salomé Ureña Biblioteca Pública Metropolitana Salomé Ureña 08/07/2015 FUNDI   362.8292 P762m BPMSU15080222 08/07/2015 08/07/2015 Libros    
    Dewey Decimal Classification     Colección Dominicana Biblioteca Pública Metropolitana Salomé Ureña Biblioteca Pública Metropolitana Salomé Ureña 11/01/2017 FUNDI   362.8292 P762m BPMSU17110003 11/01/2017 11/01/2017 Libros e.2 Inventariado, 2017/MFF
    Dewey Decimal Classification     Colección Dominicana Biblioteca Pública Metropolitana Salomé Ureña Biblioteca Pública Metropolitana Salomé Ureña 11/01/2017 FUNDI   362.8292 P438a BPMSU17110004 11/01/2017 11/01/2017 Libros e.3